1464 1718 1338 1511 1528 1616 1452 1791 1954 1290 1317 1739 1693 1318 1881 1121 1395 1493 1257 1395 1009 1755 1117 1127 1318 1236 1119 1747 1556 1383 1226 1781 1344 1356 1277 1385 1762 1749 1685 1950 1294 1638 1160 1225 1450 1151 1113 1299 1206 1057 1406 1771 1583 1047 1396 1271 1183 1103 1295 1058 1937 1421 1142 1507 1375 1833 1006 1951 1122 1859 1995 1208 1039 1521 1640 1079 1791 1626 1220 1282 1697 1377 1717 1293 1325 1358 1281 1498 1878 1655 1599 1093 1234 1323 1852 1050 1719 1251 1756 BCNSPRNW ULIB Ver.6.0+V

เปลี่ยนเป็นภาษาไทย

Change to English
 แสดงรายละเอียดบรรณานุกรม
  กลับหน้าหลัก

Brief Record : Get Marc (ISO 2709) : E-mail record : QR code < ปิดหน้าต่าง
LEADER : 00000nam 2200000uu 4500
001    13399120039
003     ULIB
008    120822s2554||||th 000 0 tha d
020    ^a9789746726191
060  4 ^aWC503.6^bว274ก
100 0  ^aวารุณี ฟองแก้ว
245 10 ^aการป้องกันเอชไอวีในวัยรุ่นประเด็นท้าทาย และแนวทางการแก้ไข =^bHIV preventionamong adolescents challenging issues and solution /^cวารุณี ฟองแก้ว
246 31 ^aHIV preventionamong adolescents challenging issues and solution
250    ^aพิมพ์ครั้งที่ 1
260    ^aเชียงใหม่ :^bนพบุรีการพิมพ์,^c2554
300    ^a158 หน้า ;^c21 ซม.
650  4 ^aเอดส์^xการป้องกันและควบคุม
650  4 ^aการติดเชื้อเอชไอวี^xการป้องกันและควบคุม
650  4 ^aการติดเชื้อเอชไอวี^xวัยรุ่น^xการป้องกันและควบคุม
650  4 ^aโรคเอดส์^zไทย
710 2  ^aมหาวิทยาลัยเชียงใหม่. ^bคณะพยาบาลศาสตร์
945    ^p190^l0^i032547
945    ^p190^l0^i032548
995    ^aเกษร
999 ^a ใช้งานได้ทุกระบบ
รายการนี้ยังไม่มีแท็ก
คุณยังไม่ได้ล็อกอิน คุณสามารถมีกิจกรรมร่วมกับเว็บไซต์ได้ แต่ต้องล็อกอินก่อน ::
  ล็อกอิน

รายการสื่อสารสนเทศ

ลำดับที่ ประเภท เลขเรียก/บาร์โค้ด สถานที่ สถานะ
1. วิทยาศาสตร์การแพทย์ และสุขภาพ
หนังสือสำรอง
สถานะ=หนังสือสำรอง
WC503.6 ว274ก ฉ.1 
  Barcode: 032547
ห้องสมุดวิทยาเขตสวรรค์ประชารักษ์
►ส่วนจัดเก็บหนังสือเก่า สปร
บนชั้น
  ขอยืม
2. วิทยาศาสตร์การแพทย์ และสุขภาพ
วิทยาศาสตร์การแพทย์ และสุขภาพ
WC503.6 ว274ก ฉ.2 
  Barcode: 032548
ห้องสมุดวิทยาเขตสวรรค์ประชารักษ์
►ส่วนจัดเก็บหนังสือเก่า สปร
บนชั้น
  ขอยืม

รายการใกล้เคียง
    ผู้แต่ง [วารุณี ฟองแก้ว]

BibComment


ยังไม่เคยถูกคอมเมนท์

คอมเมนท์ทรัพยากรรายการนี้
  คอมเมนท์: การป้องกันเอชไอว..


 Copyright 2026. Bcnsprnw @Library